[Event "Sunway Formentera op 4th"]
[Site "Sant Ferran de ses Roques"]
[Date "2025.05.06"]
[Round "7"]
[White "Sudarshan, Bhat"]
[Black "Hirth, Julien"]
[Result "0-1"]
[WhiteElo "2103"]
[BlackElo "2062"]
[PlyCount "126"]
[EventDate "2025.04.29"]
[EventType "swiss"]
[EventRounds "10"]
[EventCountry "ESP"]
[SourceTitle "CB20_2025"]
[SourceDate "2025.05.14"]
[SourceVersion "1"]
[SourceVersionDate "2025.05.14"]
[SourceQuality "1"]

1. e4 e6 2. d4 d5 3. Nc3 Nf6 4. Bg5 dxe4 5. Nxe4 Be7 6. Nxf6+ Bxf6 7. Bxf6 Qxf6 8. Nf3 0-0 9. Qd3 Bd7 10. Be2 Bc6 11. Ne5 Bxg2 12. Rg1 Bd5 13. Qg3 Nc6 14. Nd7 Qh6 15. Nxf8 Nxd4 16. Nxe6 Bxe6 17. Qd3 Rd8 18. Rd1 Qxh2 19. Rg3 h5 20. c3 h4 21. Rxg7+ Kxg7 22. cxd4 Qf4 23. Qe3 Qxe3 24. fxe3 Bxa2 25. Bf3 Bd5 26. Kf2 Bxf3 27. Kxf3 Kf6 28. Kg4 Rh8 29. Kh3 Ke6 30. Rc1 c6 31. Rc5 Kd6 32. e4 f6 33. Ra5 a6 34. Rf5 Ke6 35. d5+ cxd5 36. Rxd5 Rc8 37. Rd4 Ke5 38. Rb4 b5 39. Kxh4 Rc4 40. Rb3 Kxe4 41. Kg3 Rc2 42. Rb4+ Kd5 43. Kf3 Kc5 44. Rb3 Kc4 45. Ra3 Rxb2 46. Rxa6 Rd2 47. Rxf6 Kb3 48. Ke3 Rd8 49. Rf1 b4 50. Rb1+ Kc3 51. Rc1+ Kb2 52. Rc7 b3 53. Ke2 Kb1 54. Rb7 b2 55. Rc7 Rd5 56. Rc8 Ka2 57. Ra8+ Kb3 58. Rb8+ Kc3 59. Ke3 Re5+ 60. Kf3 Re1 61. Rc8+ Kd4 62. Rd8+ Kc5 63. Rc8+ Kd6 0-1

[Event "Sant Adria de Besos op 6th"]
[Site "Sant Adria de Besos"]
[Date "2024.08.13"]
[Round "3"]
[White "Deodhar, Vrushali Umesh"]
[Black "Sudarshan, Bhat"]
[Result "1-0"]
[WhiteElo "2176"]
[BlackElo "2025"]
[PlyCount "97"]
[EventDate "2024.08.11"]
[EventType "swiss"]
[EventRounds "9"]
[EventCountry "ESP"]
[SourceTitle "EXT 2025"]
[Source "ChessBase"]
[SourceDate "2024.10.14"]
[SourceVersion "1"]
[SourceVersionDate "2024.10.14"]
[SourceQuality "1"]

1. c4 c5 2. Nf3 g6 3. d4 cxd4 4. Nxd4 Nc6 5. e4 Nf6 6. Nc3 d6 7. Be2 Nxd4 8. Qxd4 Bg7 9. Be3 0-0 10. Qd3 Nd7 11. 0-0 Nc5 12. Qc2 Bxc3 13. Qxc3 Nxe4 14. Qd4 Nf6 15. Bh6 Re8 16. Bf3 Qb6 17. Qc3 Be6 18. b3 Rec8 19. Rad1 Rab8 20. Rfe1 a5 21. Bd5 Qb4 22. Qa1 Rc7 23. Rxe6 fxe6 24. Bxe6+ Kh8 25. g4 Rc5 26. g5 Re5 27. gxf6 exf6 28. Bd2 Qc5 29. Bd5 Kg7 30. Bc3 Rf5 31. Bd4 Qc8 32. Qc3 Qd7 33. Re1 Re8 34. Rxe8 Qxe8 35. Qe3 Qxe3 36. Bxe3 b5 37. Bb6 bxc4 38. bxc4 a4 39. Bc7 Re5 40. Bxd6 Re1+ 41. Kg2 Rd1 42. a3 Rd3 43. Bb4 h5 44. Bc6 h4 45. Bxa4 g5 46. c5 g4 47. c6 Rd4 48. Bb3 h3+ 49. Kf1 1-0

[Event "Sant Adria de Besos op 6th"]
[Site "Sant Adria de Besos"]
[Date "2024.08.12"]
[Round "2"]
[White "Barath, Kalyan M"]
[Black "Sudarshan, Bhat"]
[Result "0-1"]
[WhiteElo "2174"]
[BlackElo "2025"]
[PlyCount "86"]
[EventDate "2024.08.11"]
[EventType "swiss"]
[EventRounds "9"]
[EventCountry "ESP"]
[SourceTitle "EXT 2025"]
[Source "ChessBase"]
[SourceDate "2024.10.14"]
[SourceVersion "1"]
[SourceVersionDate "2024.10.14"]
[SourceQuality "1"]

1. b3 c5 2. Bb2 Nc6 3. c4 e5 4. Nc3 d6 5. g3 g6 6. Bg2 Nge7 7. e3 Bg7 8. Nge2 0-0 9. 0-0 Bf5 10. d3 Qd7 11. Re1 Bh3 12. Bh1 Rab8 13. Qd2 a6 14. Nd5 b5 15. cxb5 axb5 16. Nxe7+ Nxe7 17. d4 b4 18. Rec1 Rfc8 19. a4 bxa3 20. Rxa3 cxd4 21. exd4 Rxc1+ 22. Nxc1 exd4 23. Bxd4 Qb5 24. Qe2 Bxd4 25. Ra8 Rxa8 26. Bxa8 Qxe2 27. Nxe2 Bc5 28. Nf4 Be6 29. Nxe6 fxe6 30. Kf1 Nf5 31. Bf3 Nd4 32. Bd1 Bb4 33. f4 Kf7 34. Kf2 Bd2 35. Kg2 Kf6 36. Kf2 Kf5 37. Kg2 Ke4 38. Kf2 Kd3 39. Bg4 e5 40. fxe5 dxe5 41. Bh3 e4 42. Bf1+ Kc3 43. Bc4 Nxb3 0-1

[Event "Sitges op 48th"]
[Site "Sitges"]
[Date "2024.07.28"]
[Round "7"]
[White "Najar Arrieta, Oriol"]
[Black "Sudarshan, Bhat"]
[Result "1-0"]
[WhiteElo "2076"]
[BlackElo "1962"]
[PlyCount "87"]
[EventDate "2024.07.22"]
[EventType "swiss"]
[EventRounds "9"]
[EventCountry "ESP"]
[SourceTitle "CBM 221 Extra"]
[Source "ChessBase"]
[SourceDate "2024.09.30"]
[SourceVersion "1"]
[SourceVersionDate "2024.09.30"]
[SourceQuality "1"]

1. e4 c5 2. Nf3 Nc6 3. d4 cxd4 4. Nxd4 g6 5. c4 Nf6 6. Nc3 d6 7. Be2 Nxd4 8. Qxd4 Bg7 9. Be3 0-0 10. Qd2 a5 11. 0-0 a4 12. Rad1 Qa5 13. Bd4 Be6 14. f4 Rfc8 15. b3 axb3 16. axb3 Bg4 17. e5 Bxe2 18. Qxe2 Nd7 19. Nd5 Re8 20. Ra1 Qd8 21. Rxa8 Qxa8 22. Nc7 Qc8 23. Nxe8 Qxe8 24. Qe4 Qb8 25. exd6 Bxd4+ 26. Qxd4 Qxd6 27. Qxd6 exd6 28. Rd1 Nc5 29. b4 Ne4 30. Rd5 Kg7 31. Rb5 Nd2 32. c5 dxc5 33. Rxc5 Ne4 34. Rb5 Nc3 35. Rxb7 Ne2+ 36. Kf2 Nxf4 37. Kf3 Ne6 38. Rd7 Kf8 39. b5 Ke8 40. Rd1 f5 41. b6 Nc5 42. Rc1 Na6 43. b7 Kd7 44. Rc8 1-0

[Event "Sitges op 48th"]
[Site "Sitges"]
[Date "2024.07.27"]
[Round "6"]
[White "Nagare, Kaivalya Sandip"]
[Black "Sudarshan, Bhat"]
[Result "1-0"]
[WhiteElo "2109"]
[BlackElo "1962"]
[PlyCount "107"]
[EventDate "2024.07.22"]
[EventType "swiss"]
[EventRounds "9"]
[EventCountry "ESP"]
[SourceTitle "CBM 221 Extra"]
[Source "ChessBase"]
[SourceDate "2024.09.30"]
[SourceVersion "1"]
[SourceVersionDate "2024.09.30"]
[SourceQuality "1"]

1. e4 c5 2. Nf3 Nc6 3. d4 cxd4 4. Nxd4 g6 5. c4 Nf6 6. Nc3 d6 7. f3 Nxd4 8. Qxd4 Bg7 9. Be3 0-0 10. Qd2 Be6 11. Rc1 Qa5 12. b3 Rfc8 13. Bd3 Rab8 14. Nd5 Qxd2+ 15. Kxd2 Nxd5 16. cxd5 Bd7 17. a4 a6 18. a5 Bb2 19. Rxc8+ Rxc8 20. Bc4 Ba3 21. Kd3 Bb4 22. Bd2 Bxd2 23. Kxd2 f5 24. Re1 fxe4 25. Rxe4 Kf7 26. g4 g5 27. h3 h5 28. gxh5 Rh8 29. f4 Bf5 30. Re3 Rxh5 31. fxg5 Rxh3 32. Rxh3 Bxh3 33. Ke3 Kg6 34. Kf4 Bf5 35. b4 Bc2 36. Be2 Bb1 37. Bg4 Ba2 38. Bf5+ Kg7 39. Be4 Kf7 40. Kf5 e5 41. dxe6+ Bxe6+ 42. Kf4 Bc8 43. Bf5 Bxf5 44. Kxf5 d5 45. Ke5 Kg6 46. Kxd5 Kxg5 47. Kc5 Kf6 48. Kb6 Ke7 49. Kxb7 Kd7 50. Kxa6 Kc7 51. b5 Kb8 52. Kb6 Ka8 53. Kc7 Ka7 54. b6+ 1-0

[Event "Sitges op 48th"]
[Site "Sitges"]
[Date "2024.07.24"]
[Round "3"]
[White "Sudarshan, Bhat"]
[Black "Deodhar, Vrushali Umesh"]
[Result "1/2-1/2"]
[WhiteElo "1962"]
[BlackElo "2115"]
[PlyCount "50"]
[EventDate "2024.07.22"]
[EventType "swiss"]
[EventRounds "9"]
[EventCountry "ESP"]
[SourceTitle "CBM 221 Extra"]
[Source "ChessBase"]
[SourceDate "2024.09.30"]
[SourceVersion "1"]
[SourceVersionDate "2024.09.30"]
[SourceQuality "1"]

1. e4 e6 2. d4 d5 3. Nc3 Nf6 4. Bg5 Be7 5. e5 Nfd7 6. Bxe7 Qxe7 7. f4 a6 8. Nf3 c5 9. dxc5 Nc6 10. Bd3 Nxc5 11. 0-0 b5 12. Qd2 Qa7 13. Qf2 b4 14. Ne2 a5 15. Ned4 Nxd4 16. Nxd4 Bd7 17. Nb5 Bxb5 18. Bxb5+ Nd7 19. a3 Qxf2+ 20. Kxf2 Ke7 21. axb4 axb4 22. Ke3 Rhc8 23. Bxd7 Kxd7 24. Kd3 Kc6 25. Rxa8 Rxa8 1/2-1/2

[Event "Barcelona Sant Marti op-A 24th"]
[Site "Barcelona"]
[Date "2024.07.21"]
[Round "9"]
[White "Sudarshan, Bhat"]
[Black "Singh, Siddharth"]
[Result "1/2-1/2"]
[WhiteElo "1962"]
[BlackElo "2186"]
[PlyCount "132"]
[EventDate "2024.07.13"]
[EventType "swiss"]
[EventRounds "9"]
[EventCountry "ESP"]
[SourceTitle "CBM 221 Extra"]
[Source "ChessBase"]
[SourceDate "2024.09.30"]
[SourceVersion "1"]
[SourceVersionDate "2024.09.30"]
[SourceQuality "1"]

1. e4 e6 2. d4 d5 3. Nc3 Bb4 4. Nge2 dxe4 5. a3 Bxc3+ 6. Nxc3 Nc6 7. Bb5 Nge7 8. Bg5 f6 9. Be3 0-0 10. Qd2 f5 11. 0-0-0 Qd6 12. Bf4 e5 13. dxe5 Qxd2+ 14. Rxd2 Be6 15. g3 Kf7 16. h4 a6 17. Be2 Rfd8 18. Rhd1 Rxd2 19. Rxd2 Rd8 20. Rxd8 Nxd8 21. f3 exf3 22. Bxf3 c6 23. Na4 Bd5 24. Bh5+ g6 25. Be2 Ne6 26. c4 Be4 27. Be3 Ng8 28. Nb6 Ne7 29. Kd2 Ke8 30. b4 Nf8 31. Bc5 Nd7 32. Nxd7 Kxd7 33. Ke3 Ke6 34. Kd4 h6 35. Bd6 g5 36. h5 Bg2 37. a4 f4 38. Bxe7 Kxe7 39. gxf4 gxf4 40. Bg4 Bh1 41. a5 Bg2 42. c5 Kd8 43. Bf5 Bf3 44. Bg6 Ke7 45. Bf5 Kd8 46. Bg6 Ke7 47. Bf5 Kd8 48. e6 Bxh5 49. Ke5 Ke7 50. Kxf4 Be2 51. Ke3 Bc4 52. Kf4 Bxe6 53. Bg6 Kf6 54. Be8 Bc8 55. Bh5 Bd7 56. Bf3 Be6 57. Bh5 Ke7 58. Ke5 Bd7 59. Bf3 Be8 60. Bg4 Bf7 61. Bc8 Bc4 62. Bg4 Bf1 63. Bh5 Bc4 64. Bg4 Bf1 65. Bh5 Bc4 66. Bg4 Bf1 1/2-1/2

[Event "Barcelona Sant Marti op-A 24th"]
[Site "Barcelona"]
[Date "2024.07.13"]
[Round "1"]
[White "Sudarshan, Bhat"]
[Black "Suvradeepta, Das"]
[Result "1/2-1/2"]
[WhiteElo "1962"]
[BlackElo "2114"]
[PlyCount "74"]
[EventDate "2024.07.13"]
[EventType "swiss"]
[EventRounds "9"]
[EventCountry "ESP"]
[SourceTitle "CBM 221 Extra"]
[Source "ChessBase"]
[SourceDate "2024.09.30"]
[SourceVersion "1"]
[SourceVersionDate "2024.09.30"]
[SourceQuality "1"]

1. e4 c6 2. d4 d5 3. exd5 cxd5 4. c4 Nf6 5. Nc3 Nc6 6. Bg5 dxc4 7. Bxc4 Qxd4 8. Qxd4 Nxd4 9. 0-0-0 e5 10. f4 Bg4 11. Nf3 Bxf3 12. gxf3 0-0-0 13. fxe5 Nxf3 14. Bxf6 Rxd1+ 15. Rxd1 gxf6 16. exf6 Ne5 17. Bb3 Bh6+ 18. Kb1 Rd8 19. Bd5 Kb8 20. Re1 Bf4 21. Re4 Bxh2 22. Rh4 Bg1 23. Rxh7 Bd4 24. Bxf7 Bxc3 25. bxc3 Rd6 26. c4 Rxf6 27. Bd5 Nc6 28. Bxc6 Rxc6 29. Rh4 Kc7 30. Kb2 Kb6 31. Kb3 Rg6 32. Rh5 a6 33. Kb4 Rg2 34. Rh6+ Ka7 35. Kb3 Rg3+ 36. Kb4 Rg2 37. Kb3 Rg3+ 1/2-1/2

[Event "Veliko Gradiste Silver Lake op-A"]
[Site "Veliko Gradiste"]
[Date "2023.06.24"]
[Round "8"]
[White "Sudarshan, Bhat"]
[Black "Ishvi, Aggarwal"]
[Result "1-0"]
[WhiteElo "2020"]
[BlackElo "1740"]
[PlyCount "113"]
[EventDate "2023.06.18"]
[EventType "swiss"]
[EventRounds "9"]
[EventCountry "SRB"]
[SourceTitle "CBM 215 Extra"]
[Source "ChessBase"]
[SourceDate "2023.09.30"]
[SourceVersion "1"]
[SourceVersionDate "2023.09.30"]
[SourceQuality "1"]

1. e4 e5 2. Nf3 Nc6 3. Bb5 a6 4. Ba4 Nf6 5. Qe2 Be7 6. 0-0 0-0 7. Bxc6 dxc6 8. Nxe5 Re8 9. d3 Bc5 10. Nf3 Bg4 11. Be3 Bxe3 12. fxe3 c5 13. Nbd2 b5 14. b3 a5 15. a4 c6 16. Qf2 Nd7 17. Nh4 Be6 18. Nf5 Qb6 19. Qg3 g6 20. Qg5 f6 21. Qh6 gxf5 22. exf5 Bd5 23. c4 Bf7 24. Rf3 Kh8 25. Rh3 Bg8 26. Rg3 Re7 27. Ne4 Rf8 28. Rf1 Qb8 29. h3 Qe5 30. Rf4 bxa4 31. bxa4 Rb8 32. Kh2 Rf7 33. d4 cxd4 34. exd4 Qe7 35. Rfg4 c5 36. Qf4 Ra8 37. Nd6 cxd4 38. Qe4 Raf8 39. Qxd4 Ne5 40. Nxf7+ Qxf7 41. Re4 Qxc4 42. Qd6 Qf7 43. Qc5 Re8 44. Qxa5 Qd5 45. Qa6 Rf8 46. Qa7 Qf7 47. Qc5 Re8 48. a5 Qb7 49. Qd6 Qf7 50. a6 Qe7 51. Qxe7 Rxe7 52. Rb4 Nc6 53. Rb7 Bc4 54. Rxe7 Nxe7 55. a7 Bd5 56. Rd3 Be4 57. Re3 1-0

[Event "Barcelona Sants op-A 23rd"]
[Site "Barcelona"]
[Date "2022.08.21"]
[Round "3"]
[White "Sudarshan, Bhat"]
[Black "Alsina Leal, Daniel"]
[Result "0-1"]
[WhiteElo "2025"]
[BlackElo "2521"]
[PlyCount "81"]
[EventDate "2022.08.19"]
[EventType "swiss"]
[EventRounds "10"]
[EventCountry "ESP"]
[SourceTitle "CBM 209 Extra"]
[Source "ChessBase"]
[SourceDate "2022.09.30"]
[SourceVersion "1"]
[SourceVersionDate "2022.09.30"]
[SourceQuality "1"]

1. e4 c6 2. d4 d5 3. exd5 cxd5 4. c4 Nf6 5. Nc3 Nc6 6. Nf3 Bg4 7. cxd5 Nxd5 8. Qb3 Bxf3 9. gxf3 Nb6 10. d5 Nd4 11. Bb5+ Nd7 12. Qa4 Nxb5 13. Qxb5 g6 14. 0-0 Bg7 15. Re1 0-0 16. Bg5 Bf6 17. h4 a6 18. Qe2 Re8 19. Rad1 Qa5 20. Ne4 Bg7 21. d6 exd6 22. Rxd6 Nf8 23. Bf6 Re6 24. Bxg7 Kxg7 25. b3 Rae8 26. Qb2+ Qe5 27. Qxe5+ Rxe5 28. Rc1 Rf5 29. Kg2 Re7 30. Rc5 Ne6 31. Rxf5 gxf5 32. Ng3 Kf6 33. Rb6 Ke5 34. Ne2 Rd7 35. Rb4 b5 36. a4 Rd2 37. Kf1 Rd1+ 38. Kg2 Re1 39. Ng3 Nf4+ 40. Kh2 Nd3 41. f4+ 0-1

[Event "Sant Adria de Besos op"]
[Site "Sant Adria de Besos"]
[Date "2022.08.11"]
[Round "1"]
[White "Sudarshan, Bhat"]
[Black "Ivanov, Mike"]
[Result "0-1"]
[WhiteElo "2025"]
[BlackElo "2359"]
[PlyCount "70"]
[EventDate "2022.08.11"]
[EventType "swiss"]
[EventRounds "9"]
[EventCountry "ESP"]
[SourceTitle "CBM 209 Extra"]
[Source "ChessBase"]
[SourceDate "2022.09.30"]
[SourceVersion "1"]
[SourceVersionDate "2022.09.30"]
[SourceQuality "1"]

1. e4 e6 2. d4 d5 3. Nc3 Bb4 4. Nge2 Nf6 5. e5 Nfd7 6. a3 Be7 7. Nf4 c5 8. Qg4 g6 9. dxc5 Nc6 10. Nd3 h5 11. Qg3 h4 12. Qg4 Ndxe5 13. Nxe5 Nxe5 14. Qf4 Nc6 15. Bb5 h3 16. gxh3 Bxc5 17. Be3 Bxe3 18. fxe3 Qh4+ 19. Qxh4 Rxh4 20. 0-0-0 Bd7 21. Rhe1 Rxh3 22. e4 d4 23. Bxc6 Bxc6 24. Rxd4 Rxh2 25. Red1 Ke7 26. b4 a6 27. Kb2 Rc8 28. a4 Be8 29. R1d3 f6 30. Kb3 g5 31. Rd6 g4 32. Rb6 Rc7 33. b5 Rh3 34. bxa6 bxa6 35. Ne2 Rd7 0-1

[Event "Sitges op 46th"]
[Site "Sitges"]
[Date "2022.07.26"]
[Round "5"]
[White "Sudarshan, Bhat"]
[Black "Ferey, Antonin"]
[Result "1/2-1/2"]
[WhiteElo "2001"]
[BlackElo "2181"]
[PlyCount "79"]
[EventDate "2022.07.22"]
[EventType "swiss"]
[EventRounds "9"]
[EventCountry "ESP"]
[SourceTitle "CBM 209 Extra"]
[Source "ChessBase"]
[SourceDate "2022.09.30"]
[SourceVersion "1"]
[SourceVersionDate "2022.09.30"]
[SourceQuality "1"]

1. e4 e5 2. Nf3 Nc6 3. Bc4 Bc5 4. c3 Nf6 5. d3 a6 6. Bb3 Ba7 7. Nbd2 0-0 8. h3 d6 9. Nf1 Be6 10. Ng3 h6 11. 0-0 Re8 12. Qe2 Bxb3 13. axb3 Ne7 14. Nh4 Kh7 15. Nhf5 Nxf5 16. Nxf5 d5 17. Qf3 dxe4 18. dxe4 Ng8 19. Be3 Bxe3 20. Nxe3 Qf6 21. Qe2 c6 22. b4 Ne7 23. Rfd1 Rad8 24. Nc4 Ng6 25. g3 Rxd1+ 26. Rxd1 Rd8 27. Na5 Rxd1+ 28. Qxd1 b6 29. Nc4 Qe6 30. Nxb6 Qxh3 31. Qd7 Qh5 32. Qxf7 Qd1+ 33. Kh2 Qh5+ 34. Kg1 Qd1+ 35. Kg2 Nf4+ 36. Kh2 Qf3 37. Qf5+ Kg8 38. Qc8+ Kh7 39. Qf5+ Kg8 40. Qc8+ 1/2-1/2